أمريكا من الداخل بمنظار سيد قطب / (رقم التسجيلة. 7126)
[ عرض عادي ]
| 000 -LEADER | |
|---|---|
| fixed length control field | 00580nam a22001817a 4500 |
| 005 - DATE AND TIME OF LATEST TRANSACTION | |
| control field | 20251108164233.0 |
| 008 - FIXED-LENGTH DATA ELEMENTS--GENERAL INFORMATION | |
| fixed length control field | 250721s1987 xx 000 0 ara d |
| 082 14 - DEWEY DECIMAL CLASSIFICATION NUMBER | |
| Classification number | 309,173/صلا |
| 100 1# - MAIN ENTRY--PERSONAL NAME | |
| Personal name | الخالدي، صلاح عبد الفتاح |
| 245 10 - TITLE STATEMENT | |
| Title | أمريكا من الداخل بمنظار سيد قطب / |
| 250 ## - EDITION STATEMENT | |
| Edition statement | ط4. |
| 264 1# - PRODUCTION, PUBLICATION, DISTRIBUTION, MANUFACTURE, AND COPYRIGHT NOTICE | |
| Place of production, publication, distribution, manufacture | جده : |
| Name of producer, publisher, distributor, manufacturer | دار المنارة للنشر والتوزيع، |
| Date of production, publication, distribution, manufacture, or copyright notice | 1987. |
| 300 ## - PHYSICAL DESCRIPTION | |
| Extent | 221ص. |
| 650 17 - SUBJECT ADDED ENTRY--TOPICAL TERM | |
| Topical term or geographic name as entry element | الولايات المتحدة |
| 650 17 - SUBJECT ADDED ENTRY--TOPICAL TERM | |
| Topical term or geographic name as entry element | الأحوال الإجتماعية |
| 942 ## - ADDED ENTRY ELEMENTS (KOHA) | |
| Source of classification or shelving scheme | Dewey Decimal Classification |
| Koha item type | كتب |
| حالة السحب | حالة الفقدان | مصدر التصنيف | حالة التلف | غير قابل للإعارة | المكتبة الرئيسية | المكتبة الحالية | موقع الرف | تاريخ التزويد | الرقم المتسلسل | Total Checkouts | رقم الإستدعاء | الباركود | تاريخ آخر ظهور | تاريخ الفاتورة | نوع المادة (كوها) |
|---|---|---|---|---|---|---|---|---|---|---|---|---|---|---|---|
| Dewey Decimal Classification | مكتبة النصر العامة | مكتبة النصر العامة | الإعارة | 17/04/2015 | [ 1584 ] | 309,173/صلا | PLD00384238 | 28/07/2025 | 17/04/2015 | كتب |